| 000 | 00529nam a2200205Ia 4500 | ||
|---|---|---|---|
| 008 | 230125s9999 xx 000 0 und d | ||
| 020 | _a978-93-5024-671-9 | ||
| 041 | _aeng | ||
| 082 |
_a658.45 _bRAI/RAI |
||
| 100 |
_aRai U _9108033 |
||
| 245 | _aManagerial Communication | ||
| 250 | _a1st ed | ||
| 260 |
_c2010 _bHimalaya Publishing House _aMumbai |
||
| 300 | _a428p | ||
| 500 | _aBusiness Communication | ||
| 650 | _aCommunication | ||
| 700 |
_aRai U & Rai S M _9108034 |
||
| 906 | _b69 | ||
| 999 |
_c88093 _d88093 |
||